Οδηγός σπουδών : 1998-1999

Αποθηκεύτηκε σε:
Λεπτομέρειες βιβλιογραφικής εγγραφής
Συγγραφή απο Οργανισμό/Αρχή: Ιόνιο Πανεπιστήμιο. Τμήμα Αρχειονομίας, Βιβλιοθηκονομίας και Μουσειολογίας
Άλλοι συγγραφείς: Κυριάκη, Δάφνη Ι. (Επιμελητής έκδοσης)
Μορφή: Βιβλίο
Γλώσσα:Greek
Δημοσίευση: Κέρκυρα : Ιόνιο Πανεπιστήμιο. Τμήμα Αρχειονομίας - Βιβλιοθηκονομίας, 1998
Θέματα:
Ετικέτες: Προσθήκη ετικέτας
Δεν υπάρχουν, Καταχωρήστε ετικέτα πρώτοι!

MARC

LEADER 00000cam a2200000 i 4500
001 1/60718
008 020409s1998 gre d
035 |l 10000731 
040 |a GR-MY-UA  |b gre  |e aacr 
041 0 |a gre 
082 0 |a 378.0025 
110 2 |a Ιόνιο Πανεπιστήμιο.   |b Τμήμα Αρχειονομίας, Βιβλιοθηκονομίας και Μουσειολογίας. 
245 1 0 |a Οδηγός σπουδών :  |b 1998-1999 /  |c επιμέλεια κειμένου: Δάφνη Κυριάκη - Μάνεση 
260 |a Κέρκυρα :   |b Ιόνιο Πανεπιστήμιο. Τμήμα Αρχειονομίας - Βιβλιοθηκονομίας,   |c 1998 
300 |a 95 σ.  |b εικ. 
650 0 0 |a Universities and colleges  |x Graduate Work  |x Directories. 
700 1 |a Κυριάκη, Δάφνη Ι.  |4 edt 
852 |a INST  |b CHIOS  |e 20020409  |h 378.0025 ΟΔΗ  |p 005200019771  |q 005200019771  |t REF  |y 23 
901 |a BIBL2-2002-1 
909 |a Χ  |b 099951 
970 |a ΠΟΥΛΑΚΗ  |b ΠΑΝΩΡΑΙΑ  |z 2002/04/09